LEADER 00953nam0-2200337---450- 001 990010087100403321 005 20160706105142.0 010 $a978-88-15-26047-5 035 $a001008710 035 $aFED01001008710 035 $a(Aleph)001008710FED01 035 $a001008710 100 $a20160706d2016----km-y0itay50------ba 101 0 $aita 102 $aIT 105 $a--------001yy 200 1 $aGraffiti$earte e ordine pubblico$fAlessandro Dal Lago Serena Giordano 210 $aBologna$cil Mulino$d2016 215 $a181 p.$a[6] carte di tav.$cill$d18 cm 225 1 $aVoci 610 0 $aMurali$aAspetti socioculturali 610 0 $aGraffiti$aAspettti socioculturali 676 $a306.47$v22$zita 700 1$aDal Lago,$bAlessandro$f<1947- > 701 1$aGiordano,$bSerena 801 0$aIT$bUNINA$gRICA$2UNIMARC 901 $aBK 912 $a990010087100403321 952 $a306.47 DAL 2$b2718$fBFS 959 $aBFS 997 $aUNINA LEADER 01082nam 2200385 450 001 9910823183603321 005 20230807220312.0 010 $a1-78625-494-8 035 $a(CKB)3810000000099330 035 $a(MiAaPQ)EBC4807181 035 $a(Au-PeEL)EBL4807181 035 $a(CaPaEBR)ebr11355021 035 $a(OCoLC)975221822 035 $a(EXLCZ)993810000000099330 100 $a20190123d2015 uy 0 101 0 $aeng 135 $aurcnu|||||||| 181 $ctxt$2rdacontent 182 $cc$2rdamedia 183 $acr$2rdacarrier 200 10$a150 questions to a guerrilla /$fAlberto Bayo 210 1$a[Place of publication not identified] :$cPickle Partners Publishing,$d[2015] 210 4$dİ2015 215 $a1 online resource (53 pages) 606 $aGuerrilla warfare 615 0$aGuerrilla warfare. 676 $a355.0218 700 $aBayo$b Alberto$0525913 801 0$bMiAaPQ 801 1$bMiAaPQ 801 2$bMiAaPQ 906 $aBOOK 912 $a9910823183603321 996 $a150 questions to a guerrilla$93965299 997 $aUNINA